Master handbook of electronic tables & formulas / (Record no. 61023)

000 -LEADER
fixed length control field 00890pam a2200277 a 4500
001 - CONTROL NUMBER
control field 1895840
003 - CONTROL NUMBER IDENTIFIER
control field NUST-PNEC
005 - DATE AND TIME OF LATEST TRANSACTION
control field 20170116180712.0
008 - FIXED-LENGTH DATA ELEMENTS--GENERAL INFORMATION
fixed length control field 840514s1984 paua 001 0 eng
010 ## - LIBRARY OF CONGRESS CONTROL NUMBER
LC control number 84008529
020 ## - INTERNATIONAL STANDARD BOOK NUMBER
International Standard Book Number 0830606254
Terms of availability $19.95
020 ## - INTERNATIONAL STANDARD BOOK NUMBER
International Standard Book Number 083061625X
040 ## - CATALOGING SOURCE
Transcribing agency PNEC
050 00 - LIBRARY OF CONGRESS CALL NUMBER
Classification number TK7825
Item number .C56 1984
082 00 - DEWEY DECIMAL CLASSIFICATION NUMBER
Classification number 621.381 CLI
Edition number 19
100 1# - MAIN ENTRY--PERSONAL NAME
Personal name Clifford, Martin,
Dates associated with a name 1910-
245 10 - TITLE STATEMENT
Title Master handbook of electronic tables & formulas /
Statement of responsibility, etc. by Martin Clifford.
250 ## - EDITION STATEMENT
Edition statement 4th ed.
260 ## - PUBLICATION, DISTRIBUTION, ETC.
Place of publication, distribution, etc. Blue Ridge Summit, Pa. :
Name of publisher, distributor, etc. Tab Books,
Date of publication, distribution, etc. c1984.
300 ## - PHYSICAL DESCRIPTION
Extent x, 382 p. :
Other physical details ill. ;
Dimensions 22 cm.
500 ## - GENERAL NOTE
General note Includes index http://www.amazon.com/s/ref=nb_sb_noss?url=search-alias%3Dstripbooks&field-keywords=083061625X
650 #0 - SUBJECT ADDED ENTRY--TOPICAL TERM
Topical term or geographic name entry element Electronics
General subdivision EL
650 #0 - SUBJECT ADDED ENTRY--TOPICAL TERM
Topical term or geographic name entry element Electronics
General subdivision Tables.
906 ## - LOCAL DATA ELEMENT F, LDF (RLIN)
a 7
b cbc
c orignew
d 1
e ocip
f 19
g y-gencatlg
942 ## - ADDED ENTRY ELEMENTS (KOHA)
Source of classification or shelving scheme
Koha item type Book
Holdings
Withdrawn status Lost status Source of classification or shelving scheme Damaged status Not for loan Permanent Location Current Location Shelving location Date acquired Source of acquisition Cost, normal purchase price Total Checkouts Full call number Barcode Date last seen Cost, replacement price Price effective from Koha item type
          Pakistan Navy Engineering College (PNEC) Pakistan Navy Engineering College (PNEC) Reference 01/26/1991 Royal Book Company 627.25   621.381 CLI PNECLIB-015173 10/15/2014 627.25 01/26/1991 Book
© 2023 Central Library, National University of Sciences and Technology. All Rights Reserved.